Pulse and Digital Circuits (Record no. 1233514)

MARC details
000 -LEADER
fixed length control field 00599nam a2200229Ia 4500
005 - DATE AND TIME OF LATEST TRANSACTION
control field 20241129120134.0
008 - FIXED-LENGTH DATA ELEMENTS--GENERAL INFORMATION
fixed length control field 241129s9999||||xx |||||||||||||| ||und||
020 ## - INTERNATIONAL STANDARD BOOK NUMBER
International Standard Book Number 9788120333567
037 ## - SOURCE OF ACQUISITION
Stock number TB
040 ## - CATALOGING SOURCE
Original cataloging agency SDCL
Language of cataloging eng
Transcribing agency SDCL
041 ## - LANGUAGE CODE
Language code of text/sound track or separate title eng
Source of code eng
084 ## - COLON CLASSIFICATION NUMBER
Classification number D6512, Q9
Assigning agency SDCL
100 ## - MAIN ENTRY--PERSONAL NAME
Personal name Kumar A. Anand
9 (RLIN) 460870
245 #0 - TITLE STATEMENT
Title Pulse and Digital Circuits
250 ## - EDITION STATEMENT
Edition statement 2nd
260 ## - PUBLICATION, DISTRIBUTION, ETC.
Place of publication, distribution, etc. Sonipat
Name of publisher, distributor, etc. PHI Learning Pvt Ltd
Date of publication, distribution, etc. 2019
300 ## - PHYSICAL DESCRIPTION
Extent xviii,517p.+VP
365 ## - TRADE PRICE
Price type code INR
Price amount 495
650 ## - SUBJECT ADDED ENTRY--TOPICAL TERM
Topical term or geographic name entry element Electronic Science
942 ## - ADDED ENTRY ELEMENTS (KOHA)
Koha item type Textbook
Classification part D6512, Q9
Holdings
Withdrawn status Lost status Source of classification or shelving scheme Damaged status Not for loan Home library Current library Date acquired Source of acquisition Cost, normal purchase price Total Checkouts Full call number Barcode Date last seen Price effective from Koha item type
    Colon Classification (CC)     South Campus Library South Campus Library 2024-11-29 EKTA BOOK DISTRIBUTORS 495.00   D6512, Q9 SC1689953 2024-11-29 2024-11-29 Textbook
Copyright @ Delhi University Library System